| 000 | 00494nam a22001577a 4500 | ||
|---|---|---|---|
| 003 | NUST | ||
| 082 | _a200 | ||
| 100 |
_aMaryam, Urva _996688 |
||
| 245 |
_aForensic Analysis Study of Android-based Airlines Applications / _cUrva Maryam |
||
| 264 |
_aIslamabad : _bSEECS, NUST, _c2021. |
||
| 300 | _a76 p. ; | ||
| 650 |
_aMS in Information Security _996689 |
||
| 700 |
_aSupervisor: Dr. Mehdi Hussain _996690 |
||
| 856 | _uhttp://10.250.8.41:8080/xmlui/handle/123456789/28258 | ||
| 942 |
_2ddc _cSC |
||
| 999 |
_c590832 _d590832 |
||